| 000 | 01140nas a2200325 a 4500 | ||
|---|---|---|---|
| 999 |
_c9074 _d9074 |
||
| 001 | 9074 | ||
| 003 | BD-JhCC | ||
| 005 | 20180925165355.0 | ||
| 008 | 180308s19601967enkqr p 0 a0eng d | ||
| 022 | _a0486-6053 | ||
| 035 | _a(BD-JhCC)9074 | ||
| 035 | _a(OCoLC)ocm01763824 | ||
| 040 |
_aBD-JhCC _cMUL _dBD-JhCC _dNYG _dAIP _dNSD _dNST _dIUL _dOCL _dOCLCQ _dLVB |
||
| 041 | _aeng | ||
| 050 | 0 | 0 |
_aPR1 _b.R35 |
| 082 |
_bREV 1964 _a820.5 |
||
| 245 | 0 | 2 |
_aA Review of English literature / _c A. Norman Jeffares, |
| 260 |
_aLondon : _bLongmans, Green, _c1960-1967. |
||
| 300 |
_a119 p. : _bill., facsims., ports. ; _c22 cm. |
||
| 500 | _aTitle from cover. | ||
| 500 | _aEditor: A. Norman Jeffares. | ||
| 650 | 0 |
_aEnglish literature _xHistory and criticism _vPeriodicals. |
|
| 650 | 0 |
_aEnglish literature _vPeriodicals. |
|
| 650 | 6 |
_aLittérature anglaise _vPériodiques. |
|
| 650 | 6 |
_aLittérature anglaise _xHistoire et critique _vPériodiques. |
|
| 700 | 1 |
_aJeffares, A. Norman _q(Alexander Norman), _d1920-2005. |
|
| 785 | 0 | 2 |
_tAriel (University of Calgary) _x0004-1327 _w(OCoLC)1514044 _w(UkOxU)013632093 |
| 942 |
_2ddc _cBK |
||